| 000 | 00559nam a2200181Ia 4500 | ||
|---|---|---|---|
| 008 | 231221s9999 xx 000 0 und d | ||
| 020 | _a9790000000000 | ||
| 041 | _aEnglish | ||
| 082 | _a621.3811 FEH;29 | ||
| 100 | _aFeher, Kamilo. | ||
| 245 | 0 | _aWireless digital communications: Modulation and spread spectrum applications | |
| 260 |
_c1995 _bPrentice Hall of India _aNew Delhi |
||
| 300 | _axx, 524 | ||
| 300 | _c57128 | ||
| 510 | _aContent Pages available. | ||
| 650 | _aWireless,digital,communications:,Modulation,spread,spectrum | ||
| 942 | _cFP | ||
| 999 |
_c210407 _d210407 |
||